01096 2200337 4500001002100000005001500021035002000036007000300056008004100059040002200100100003100122245014200153300004500295020002200340082001600362084001800378090002300396264003200419336002100451337003000472338002300502650001500525700002900540700003700569700003100606850001200637999002200649250003200671504003300703990002200736INLIS00000000089956820250919100715 a0010-0925000491ta221114s2025 yoia g ind d aYOPDYOGbinderda0 aAndra KurniantoePengarang10aCegah hipertensi dengan gaya hidup sehat pada remaja /cAndra Kurnianto, Dany Hilmanto, Deni Kurniadi Sunjaya; penyunting, Wahyu N. Cahyo ax, 114 halaman :btabel, gambar ;c23 cm a978-634-01-0359-504223a616.132 a616.132 AND c aCB-D.11 20205-291531aSleman :bDeepublish,c2025 2rdacontentateks 2rdamediaatanpa perantara 2rdacarrieravolume 4aHipertensi0 aDany HilmantoePengarang0 aDeni Kurniadi SunjayaePengarang0 aWahyu N. CahyoePenyunting aYOPDYOG aCB-D.11/2025-2915 aCetakan pertama, Maret 2025 aBibliografi: halaman 101-112 aCB-D.11/2025-2915